Ensayo de un programa para la enseñanza gradual de la lengua castellana / (Record no. 163778)

MARC details
000 -LEADER
campo de control de longitud fija 00845nam a2200193 i 4500
001 - NÚMERO DE CONTROL
campo de control 163778
003 - IDENTIFICADOR DE NÚMERO DE CONTROL
campo de control ES-MaACL
005 - FECHA Y HORA DE LA ÚLTIMA TRANSACCIÓN
campo de control 20251011063148.0
008 - DATOS DE LONGITUD FIJA--INFORMACIÓN GENERAL
campo de control de longitud fija 050718s1899 cu |||| | spa d
100 1# - ENTRADA PRINCIPAL--NOMBRE DE PERSONA
Nombre de persona Rodríguez García, José Antonio,
Fechas asociadas al nombre 1864-1934
9 (RLIN) 98540
245 10 - MENCIÓN DEL TÍTULO
Título Ensayo de un programa para la enseñanza gradual de la lengua castellana /
Mención de responsabilidad, etc. por José A. Rodríguez García.
260 ## - PUBLICACIÓN, DISTRIBUCIÓN, ETC.
Lugar de publicación, distribución, etc. Habana :
Nombre del editor, distribuidor, etc. [s.n.],
Fecha de publicación, distribución, etc. 1899 (
Fabricante Tip. de "Los niños huérfanos")
300 ## - DESCRIPCIÓN FÍSICA
Extensión 198 p. ;
Dimensiones 22 cm.
490 1# - MENCIÓN DE SERIE
Mención de serie Ensayos didácticos. Primera serie: programas ;
Designación de volumen o secuencia 7
650 #4 - PUNTO DE ACCESO ADICIONAL DE MATERIA--TÉRMINO DE MATERIA
Término de materia o nombre geográfico como elemento de entrada Lengua española-
Subdivisión de forma Programas de estudio.
9 (RLIN) 162870
830 0# - PUNTO DE ACCESO ADICIONAL DE SERIE-TÍTULO UNIFORME
Título uniforme Ensayos didácticos. Primera serie: programas ;
Designación de volumen o secuencia 7
9 (RLIN) 222300
852 ## - LOCALIZACIÓN
Ubicación ES-MaACL
Número de control de estantería T-935-F-2
Nota libre - Enc. hol., conservando cub. original
-- - Enc. en un vol. facticio
Holdings
Estatus retirado Estado de pérdida Estado de daño No para préstamo Colección Biblioteca de origen Biblioteca actual Ubicación en estantería Fecha de adquisición Total de préstamos Signatura topográfica completa Código de barras Visto por última vez Precio de reemplazo Tipo de ítem Koha
        Colección de folletos Biblioteca del Ateneo de Madrid Biblioteca del Ateneo de Madrid Depósito folletos 17/01/2008   T-935-F-2 1171638 23/02/2023 23/02/2023 Folleto